000
00271nam a22001217a 4500
999
_c
5243
_d
5243
008
250828b ||||| |||| 00| 0 eng d
020
_a
9789813482012
082
_a
741.5 STE
100
_e
TELGEMEIR,RAINA
_l
ENGLISH
245
_a
GUTS
260
_b
SCHOLASTIC
942
_2
ddc